000 01183nam a2200265Ia 4500
999 _c40546
_d40546
001 7157
003 GE_BSU
005 20210510201538.0
008 181216s2013||||ge |||||||||||||| ||geo||
020 _a9789941198311.
040 _cGE_BSU
041 _ageo
080 _a821.133.1-31=353.1 კ-20
100 _aკამიუ, ალბერ
_93087
245 _aშავი ჭირი :
_bრომანი /
_cალბერ კამიუ ; გასტონ ბუაჩიძისა და ნესტან იორდანიშვილის თარგმანი.
264 _aთბილისი :
_bპალიტრა,
_c2013.
300 _a258 გვ. ;
_c22 სმ.
490 _a50 წიგნი, რომელიც უნდა წაიკითხო სანამ ცოცხალი ხარ
_v წ. 49
541 _h10ლ.
653 _aრომანი
653 _aშავი ჭირი
700 _aბუაჩიძე, გასტონ
_eმთარგმნელი
_93088
700 _aიორდანიშვილი, ნესტან
_eმთარგმნელი
_93090
942 _cBK
_2udc